[Financie malých a stredných podnikov]
Predmetná publikácia obsahuje ucelený pohľad na všetky oblasti financií malých a stredných podnikov. Obsahuje 8 prehľadne zostavených kapitol. Stručný obsah jednotlivých kapitol. Súčasťou publikácie je v prílohovej časti uvedená štruktúra podnikateľského plánu, prehľad záručných programov, podklady...
Na minha lista:
| Autor principal: | |
|---|---|
| Formato: | Capítulo de Livro |
| Idioma: | eslovaco |
| Assuntos: | |
| Tags: |
Sem tags, seja o primeiro a adicionar uma tag!
|
MARC
| LEADER | 00000naa$a2200000$$$4500 | ||
|---|---|---|---|
| 001 | 0019529 | ||
| 005 | 20240502071408.6 | ||
| 041 | 0 | |a slo | |
| 044 | |a SK | ||
| 245 | 1 | 0 | |a [Financie malých a stredných podnikov] |c rec. Eduard Hyránek |
| 520 | |a Predmetná publikácia obsahuje ucelený pohľad na všetky oblasti financií malých a stredných podnikov. Obsahuje 8 prehľadne zostavených kapitol. Stručný obsah jednotlivých kapitol. Súčasťou publikácie je v prílohovej časti uvedená štruktúra podnikateľského plánu, prehľad záručných programov, podklady potrebné k projektom podnikateľského fondu (SAEF), úrokovacie tabuľky. | ||
| 610 | 2 | 0 | |a financie podnikové |
| 610 | 2 | 0 | |a podnik malý |
| 610 | 2 | 0 | |a podnik stredný |
| 610 | 2 | 0 | |a financovanie |
| 610 | 2 | 0 | |a recenzie |
| 100 | 1 | |a Hyránek, Eduard, 1955- | |